French Words #2 - Click the Pictures - Statistics

General Stats
  • This quiz has been taken 46,015 times
  • The average score is 16 of 24
Answers on the Map
Answers color-coded by a green-red scale on the quiz's map according to % correct below.
 
Answer Stats
Answer % Correct
Un citron
85%
Un serpent
85%
Une maison
82%
Du raisin
81%
Une pomme de terre
80%
Un fantôme
79%
Un poisson
75%
Un nez
71%
Une vache
69%
Un papillon
68%
Un chapeau
66%
Un cœur
65%
Une règle
64%
Un œil
62%
Une valise
61%
Un piment
61%
Une clé
60%
Un bateau
58%
Un dé
58%
Une chaussure
57%
Une étoile
56%
Un os
51%
Un cerf-volant
47%
Une chauve-souris
47%
No matching quizzes found
Score Distribution
Percent of People with Each Score
Percentile by Number Answered
Your Score History
You have not taken this quiz